000 00311nam a22001337a 4500
008 180130b xxu||||| |||| 00| 0 eng d
020 _a0803649142
041 _aeng
080 _a617
100 _a6
101 _aANE
245 _aObstetric Anesthesia: The Complicated Patient
_cJames, F.M
942 _2udc
_cBK
999 _c41235
_d41235